| 000 | 00668nam a22002537a 4500 | ||
|---|---|---|---|
| 003 | UA-OsUOA | ||
| 001 | 21982 | ||
| 007 | ta | ||
| 008 | 20031216b un ||||| |||| 00| 0 ukr d | ||
| 090 |
_a011:94(477) _bВ42 |
||
| 942 | _cBK | ||
| 040 |
_aUA-OsUOA _bukr _cUA-OsUOA _dUA-OsUOA |
||
| 245 |
_aВидання "Просвіт" Наддніпрянської України (1906-1922рр.) _cСост. С.Л.Зворський |
||
| 300 | _a133 с. | ||
| 955 | _a0 | ||
| 041 | _aukr | ||
| 080 | _a011:94(477) | ||
| 020 | _a5-86248-106-0 | ||
| 260 |
_aКиїв _bГлобус _c1999 |
||
| 246 | 3 | 1 |
_aВып.4 _n |
| 044 | _aUA | ||
| 650 | 7 | _2UDC | |
| 999 |
_c308192 _d308192 |
||